Statistics for US Cities by Letter - L

Click here to take the quiz!

General Stats

  • This quiz has been taken 115 times
  • The average score is 9 of 13

Answer Stats

PopulationStateAnswer% Correct
12,150,996CALos Angeles
100%
1,886,011NVLas Vegas
99%
972,546KYLouisville
96%
431,388ARLittle Rock
88%
258,719NELincoln
79%
313,532MILansing
74%
235,730TXLaredo
74%
290,263KYLexington
74%
237,356TXLubbock
60%
252,720LALafayette
58%
402,004PALancaster
56%
341,219CALancaster
56%
262,596FLLakeland
30%

Score Distribution

Percentile by Number Answered

Percent of People with Each Score

Your Score History

You have not taken this quiz